000 00350nam a22001217a 4500
040 _cSK
082 _a378
100 _aNGO BUNTHAN
245 _aការអភិវឌ្ឍន៏ជំនាញគរុកោសល្យ សម្របសម្រួលនិងការចរចា
260 _aRUA
_bNGO
_c2008
300 _a53p.
942 _cEK
999 _c9963
_d9963